[Event "Erfurt Young Masters 2017"]
[Site "Erfurt"]
[Date "2017.08.02"]
[Round "5"]
[White "Osmanodja, Filiz"]
[Black "Rogozenco, Teodora"]
[Result "1-0"]
[WhiteElo "2273"]
[BlackElo "2169"]
[Annotator "TA"]
[PlyCount "109"]
[EventDate "2017.??.??"]
[EventType "tourn"]
[EventCountry "GER"]
[SourceTitle "playchess.com"]
[Source "ChessBase"]
[SourceQuality "1"]

{[%evp 11,109,9,11,0,4,14,0,-4,15,15,29,9,14,14,33,1,12,12,13,12,14,10,10,15,10,0,39,35,193,199,191,169,186,116,116,116,116,116,116,80,96,41,70,72,80,68,102,97,169,60,344,113,104,65,504,145,314,299,288,286,439,100,82,0,426,372,518,488,587,505,531,523,523,506,718,605,6632,1308,29973,29974,29968,29975,29976,29978,29979,29980,29980,29981,29981,29982,29982,29983,29983,29984,29984,29985,29986,29986,29986,29987]} 1. e4 e5 2. Nf3 Nc6 3. Bb5 a6 4. Ba4 Nf6 5. d3 d6 6. c4 g6 7. d4 {C77: Ruy Lopez: 3...a6 4 Ba4 Nf6, unusual lines} (7. Nc3 Bg7 8. Nd5 Nd7 9. Bg5 f6 10. Be3 O-O 11. O-O Kh8 12. Re1 Rf7 13. h3 Nc5 14. Bxc5 dxc5 15. Bxc6 bxc6 {1-0 (74) Filippov,A (2582)-Buhmann,R (2640) Baku 2016}) 7... exd4 (7... Nxe4 8. d5 $16) 8. Nxd4 Bd7 9. Nxc6 {The position is equal.} bxc6 10. O-O Bg7 11. c5 O-O (11... Nxe4 $6 12. Re1 $16) 12. Nc3 Qe7 13. Bf4 $146 {[%cal Rc5d6]} ({Predecessor:} 13. cxd6 cxd6 14. Re1 Ng4 {0-1 (29) Cicak,S (2526)-Golod,V (2532) ICC INT 2003}) 13... Nxe4 (13... d5 $5) 14. Re1 $36 {[%mdl 2048] White is more active.} Nxc3 15. Rxe7 Nxd1 16. Rxd1 Be6 17. Bxc6 Rac8 18. Bb7 Rb8 (18... Bf6 $5 {[%cal Rf6e7]} 19. Bxc8 (19. cxd6 cxd6 20. Rxe6 fxe6 $11) 19... Bxe7 20. Bxe6 (20. cxd6 cxd6 21. Bxa6 Ra8 $11) (20. Bxa6 Ra8 $11) 20... fxe6 $11) 19. c6 Be5 $2 (19... Rbc8 $14) 20. Bxe5 $18 dxe5 21. Rxc7 Rfd8 {[%cal Rd8d1]} 22. Rcd7 (22. Ra1 $18) 22... Rxd7 $16 23. cxd7 {[%mdl 4096] Endgame KRB-KRB} Rd8 24. Bxa6 Bxa2 25. Kf1 Kf8 26. Ke2 (26. b4 $16) 26... Ke7 27. Bc8 $1 Be6 28. b4 f5 {[%cal Re6d7]} 29. Ke3 Bb3 (29... Bc4 $16) 30. Rd2 (30. Ra1 $1 $18) 30... Be6 $2 {[%mdl 8192]} (30... Ba4 $14) 31. h4 $2 (31. b5 $18 {and the rest is easy.}) 31... Bc4 32. f3 Be6 $2 {[%mdl 8192]} ({Better is} 32... Ke6 $1 $14) 33. Rd1 $2 (33. b5 $18 Bxd7 34. Bxd7 Rxd7 35. Rxd7+ Kxd7 36. Kd3) 33... Bb3 $2 {[#]} (33... Bc4 $16 {is a better defense.}) 34. Ra1 $1 $18 Be6 {[#]} 35. Ra7 $1 Kd6 (35... Bc4 {might work better.} 36. Ra5 Be6) 36. Ra6+ $2 (36. b5 $18 {has better winning chances.}) 36... Ke7 $16 37. Ra7 $2 {[%mdl 8192]} (37. Ra5 $16) 37... Kd6 $1 $18 {[%cal Re6d7]} 38. Kd3 Ke7 {[%cal Re6d7]} 39. Kc3 h6 {[%cal Re6d7]} 40. Kd3 g5 41. h5 Kd6 42. Kc3 Ke7 {[%cal Re6d7]} 43. b5 Bxd7 44. Bxd7 (44. Rxd7+ $142 Rxd7 45. Bxd7) 44... Rxd7 45. Rxd7+ {White mates.} Kxd7 46. g4 fxg4 47. fxg4 {K3P-K3P} Kc7 48. Kd3 Kb6 49. Ke4 Kxb5 50. Kxe5 {KPP-KPP} Kc5 51. Kf5 Kd5 52. Kg6 Ke6 53. Kxh6 Kf6 54. Kh7 Kf7 55. h6 {Precision: White = 42%, Black = 30%.} 1-0

[Event "Erfurt Young Masters 2017"]
[Site "Erfurt"]
[Date "2017.08.02"]
[Round "6"]
[White "Hoolt, Sarah"]
[Black "Pourkashiyan, Atousa"]
[Result "0-1"]
[WhiteElo "2449"]
[BlackElo "2289"]
[Annotator "TA"]
[PlyCount "74"]
[EventDate "2017.??.??"]
[EventType "tourn"]
[EventCountry "GER"]
[SourceTitle "playchess.com"]
[Source "ChessBase"]
[SourceQuality "1"]

{[%evp 17,74,11,25,-7,0,3,14,-1,9,0,23,21,16,13,16,16,16,18,22,7,39,0,0,0,0,-44,0,0,0,-29,-17,-16,-8,-46,-33,-70,-36,-512,-439,-622,-611,-635,-620,-621,-614,-893,-836,-1810,-1393,-1995,-1997,-29984,-29985,-29982,-2687,-2264,-2108,-29988,-29987]} 1. e4 e5 2. Bc4 Nf6 3. d4 exd4 4. Nf3 Nc6 5. O-O d6 6. Nxd4 Be7 7. Nxc6 bxc6 8. Nc3 O-O 9. Bf4 Nd7 {LiveBook: 7 Games. C50: Hungarian Defence and Giuoco Pianissimo} 10. Ne2 Nb6 11. Bd3 c5 {[#] aiming for ...c4.The position is equal.} 12. c3 $146 ({Predecessor:} 12. c4 Bf6 13. Qc2 g6 14. Rab1 a5 15. Rfd1 Qe7 16. Nc3 Bg7 17. Kh1 {½-½ (57) Tan,L (2365)-Biyiasas,P (2395) Petropolis 1973}) 12... a5 13. Ng3 Bg5 14. Bxg5 Qxg5 15. f4 Qh4 16. e5 dxe5 17. fxe5 Be6 18. Qf3 Nc4 (18... c4 $5 {[%cal Rc4d3]} 19. Nf5 Bxf5 20. Bxf5 g6 $11) 19. Bxc4 Qxc4 20. Qe3 Rad8 {[%cal Ba8d8,Bd8d5,Bd5e5,Be5e4][%mdl 32]} 21. Rf4 (21. Nh5 $5 {[%cal Re3g5]}) 21... Qd3 (21... Qb5 $5 {[%cal Rb5b2]}) 22. Qxc5 Rd5 23. Qf2 (23. Qa7 {looks sharper.} h6 24. Rf3 Qc2 25. Rf2 Rd2 26. Rxd2 Qxd2 27. Qf2) 23... Rxe5 24. Rd4 Qb5 25. a4 Qb3 26. Rad1 h6 27. Ne4 $2 {[%mdl 8192]} ({Better is} 27. R1d2 $15) 27... c5 28. Rd8 (28. Nf6+ $142 gxf6 29. R4d2) 28... Rxe4 $19 29. Rxf8+ Kxf8 30. Rd8+ Ke7 31. Qd2 Qb6 32. Rg8 Rxa4 33. Rxg7 c4+ 34. Kf1 Ra1+ 35. Ke2 Ra2 (35... Qg1 $142 36. Rg3 Rf1 37. Qe3 Re1+ 38. Kd2 Rxe3 39. Rxe3 Qxh2 40. Re1 Qxg2+ 41. Re2 Qd5+ 42. Ke1 Qd3 43. Kf2 Kd6 44. Re3 Qf5+ 45. Ke2 Qc2+ 46. Kf1 Qxb2 47. Rf3 a4 48. Rg3 a3 49. Rg8 a2 50. Ra8 Kd5 51. Ke1 Ke4 52. Rd8 a1=Q+ 53. Rd1 {[#]} Bg4 $1 {[%mdl 512]} 54. Rxa1 Qe2#) 36. Kf3 Rxb2 37. Qe1 Qc6+ {Precision: White = 27%, Black = 43%.} 0-1

[Event "Erfurt Young Masters 2017"]
[Site "Erfurt"]
[Date "2017.08.02"]
[Round "6"]
[White "Brunello, Marina"]
[Black "Heinemann, Josefine"]
[Result "1-0"]
[WhiteElo "2340"]
[BlackElo "2284"]
[Annotator "TA"]
[PlyCount "97"]
[EventDate "2017.??.??"]
[EventType "tourn"]
[EventCountry "GER"]
[SourceTitle "playchess.com"]
[Source "ChessBase"]
[SourceQuality "1"]

{[%evp 27,97,11,11,17,12,12,17,0,0,0,0,0,27,14,89,89,89,95,91,94,104,44,25,27,175,160,168,161,157,156,166,91,90,89,93,91,91,91,114,105,238,243,237,198,236,236,236,236,234,233,225,231,236,227,213,208,236,229,229,221,295,283,362,293,685,341,368,371,1232,1159,1150,467]} 1. e4 e5 2. Nf3 Nc6 3. Bc4 Bc5 4. d3 Nf6 5. O-O a6 6. c3 d6 7. Bb3 Ba7 8. Nbd2 {[%cal Bb1d2,Bd2f1,Bf1e3][%mdl 32]} O-O 9. h3 h6 10. Re1 Re8 11. Nf1 Be6 12. Bxe6 {C54: Giuoco Piano: 4 c3 Nf6, main lines with 5 d4 and 5 d3} (12. Be3 Bxe3 13. Nxe3 Qd7 14. Bxe6 Qxe6 15. c4 Ne7 16. Nd5 Nexd5 17. cxd5 Qd7 18. d4 c6 19. dxc6 Qxc6 {½-½ (71) Kramnik,V (2808)-So,W (2812) Stavanger 2017}) 12... Rxe6 13. Be3 Bxe3 14. Nxe3 d5 {LiveBook: 4 Games} 15. Qc2 Qd7 16. Rad1 Rd8 17. Nf5 Ne7 18. N3h4 $146 ({Find the theoretical novelty and annotate with similar games:} 18. Qb3 Ng6 {0-1 (52) Majstr,J (2248)-Kratochvil,J (2008) ICCF email 2009}) 18... Nxf5 19. Nxf5 c6 20. c4 Kh7 {[#]} (20... h5 $11) 21. d4 $1 $16 {[%cal Bd3d4,Bd4e5,Be5f6][%mdl 32] Hoping for exd5.} g6 22. exd5 cxd5 23. dxe5 Qe8 24. Nxh6 ({White should play} 24. Ng7 $16 Kxg7 25. exf6+ Kxf6 26. Rxe6+ fxe6 27. Qc3+ Kf7 28. cxd5) 24... Kxh6 $14 25. Qc1+ g5 (25... Kh7 $11 26. exf6 dxc4) 26. exf6 dxc4 27. h4 $1 Rxe1+ 28. Rxe1 $18 {[%mdl 4096] Endgame KQR-KQR} Qb5 29. hxg5+ $40 {[%mdl 128] White goes for the king.} (29. Qe3 $18) 29... Qxg5 $16 30. Qxc4 Qxf6 31. Qc1+ Kg7 32. Re3 b6 33. Rf3 Qd6 (33... Qh4 $16 {is a better defense.} 34. Rh3 Qf6) 34. Qg5+ $18 Kf8 35. Qh5 {[%csl Gf3][%cal Rh5f7] [#]} Qd5 36. Qh6+ Ke7 37. Qf6+ Kf8 38. Qxb6 Rd6 39. Qb8+ Rd8 40. Qc7 {aiming for Rxf7+!} Re8 41. Qc3 Qd1+ 42. Kh2 {Qh8+ would kill now.} Qd6+ 43. g3 Qh6+ 44. Kg2 Re6 45. Qb4+ Kg7 $2 (45... Kg8 46. Rf5 Rg6) 46. Qd4+ (46. Rf4 $142) 46... Kf8 47. Rf4 Qh7 $2 (47... Qg5 48. Qh8+ Ke7) 48. Rh4 Rh6 49. Qd8+ {Precision: White = 64%, Black = 39%.} 1-0

[Event "Erfurt Young Masters 2017"]
[Site "Erfurt"]
[Date "2017.08.02"]
[Round "6"]
[White "Sieber, Fiona"]
[Black "Osmanodja, Filiz"]
[Result "1-0"]
[WhiteElo "2277"]
[BlackElo "2273"]
[Annotator "TA"]
[PlyCount "189"]
[EventDate "2017.??.??"]
[EventType "tourn"]
[EventCountry "GER"]
[SourceTitle "playchess.com"]
[Source "ChessBase"]
[SourceQuality "1"]

{[%evp 34,189,22,26,23,25,42,0,22,0,23,0,23,-22,0,0,0,-52,-60,-72,-58,-95,-72,-108,-89,-89,-89,-85,-68,-73,0,-33,-34,-56,-37,-59,-52,-56,-48,-52,-5,-52,-52,-95,-30,-44,0,-62,-6,-7,-1,-7,0,0,0,0,0,0,0,0,0,0,0,0,0,0,0,0,0,-101,-101,-101,-101,-101,-101,-101,-101,-101,-101,-101,-101,-101,-101,-108,0,0,0,0,119,118,425,420,425,383,425,425,423,407,408,358,915,825,1441,1379,1057,512,1446,1207,5361,5214,5189,5106,5057,2094,1962,1756,1340,1156,948,779,1825,1869,1719,1559,1260,1737,1683,1645,1604,1527,1269,585,29975,29976,29975,29976,29973,29975,29985,29986,29985,29986,29986,29987,29987,29988,29988,29989,29993,29991,29991,29991,29992,29993,29993,29994,29995,29994]} 1. e4 e5 2. Nf3 Nc6 3. Bb5 a6 4. Ba4 Nf6 5. O-O b5 6. Bb3 Be7 7. Re1 d6 8. c3 O-O 9. h3 Na5 10. Bc2 c5 11. d4 Nd7 12. Nbd2 exd4 13. cxd4 Nc6 {C96: Closed Ruy Lopez: Chigorin Defence: 11 d4, replies other than 11...Qc7} 14. a4 Bb7 15. d5 Nce5 16. Nxe5 Nxe5 17. f4 Ng6 18. Nf3 {LiveBook: 31 Games} Bf6 {[#]} 19. Bd3 $146 ({Predecessor:} 19. g3 Qd7 20. Kg2 Rfe8 21. Ra3 Bd8 22. h4 Nf8 {0-1 (56) Sutovsky,E (2628)-Anton Guijarro,D (2650) Caleta 2017}) 19... Qb6 20. Bf1 (20. e5 $5 {[%cal Re5f6]} Be7 21. Be4 $11) 20... Rae8 21. Kh2 b4 22. Qb3 Re7 23. Bd2 Rfe8 24. Bd3 a5 25. Rad1 (25. Be3 $11) 25... Ba6 $1 $15 26. Bxa6 Qxa6 27. Qc2 c4 {[%cal Bc5c4,Bc4c3][%mdl 32]} 28. Bc1 c3 {...b3! is the strong threat.} 29. b3 Nh4 30. Ng1 Qb6 31. Be3 Qa6 ({Black should try} 31... Qd8 $17 32. Bf2 Ng6) 32. Bf2 Ng6 33. g3 Nf8 34. Nf3 Nd7 35. Re2 g6 36. Rde1 Nb6 37. Ng1 (37. Bxb6 $5 Qxb6 38. e5 $15) 37... Bg7 38. Kg2 {[#]} Qb7 (38... Nxa4 $1 $17 {[%mdl 512] White must now prevent ...Nb2.} 39. bxa4 Qc4) 39. Qd3 f5 {aiming for ...fxe4.} 40. Qb5 {[#]} (40. Bxb6 $1 $11 Qxb6 41. exf5 Rxe2+ 42. Rxe2 Rxe2+ 43. Qxe2) 40... Nc8 (40... Nxa4 $1 $15 {[%mdl 512]} 41. Qxa4 (41. bxa4 Qxb5) 41... fxe4) 41. Qxb7 $1 $11 Rxb7 42. e5 Rd8 (42... g5 $5) 43. e6 Ne7 44. Rd1 Rc8 {And now ...c2 would win.} 45. Rc2 $1 Rbc7 46. Nf3 Bf6 47. Kf1 Rc5 $36 {[%mdl 2048] White is under pressure.} 48. Bxc5 Rxc5 49. Ke2 Nxd5 50. Kd3 Kf8 51. Re2 {[#]} (51. h4 $11) 51... c2 $1 $17 {[%cal Rc2d1][%mdl 512]} 52. Rxc2 Rxc2 53. Kxc2 {[%mdl 4096] Endgame KRN-KBN} Ne3+ 54. Kd2 Nxd1 55. Kxd1 {KB-KN} Ke7 56. Kd2 Kxe6 57. Kd3 Kd5 58. Nd2 Bc3 ({Better is} 58... Kc6 $17 59. Kc4 Bc3) 59. Nc4 $11 h5 $1 60. Ke2 Kc5 (60... Bd4 $11 {remains equal.}) 61. Nxa5 $16 d5 $2 {[%mdl 8192]} (61... Bf6 $16) 62. Nb7+ $18 Kc6 63. Nd8+ Kd7 64. Nf7 Ke6 65. Ng5+ Kd6 66. Nf3 d4 $2 (66... Bf6 67. Nh4 Be7 68. Nxg6 Bf6) 67. Kd3 Kd5 68. Nh4 Be1 69. Nxg6 Bxg3 (69... Kc5 $142 70. Nf8 Bxg3 71. Ne6+ Kd6) 70. a5 Kc5 71. a6 {Intending a7 and mate.} Kb6 72. Kxd4 Kxa6 73. Ke5 Kb5 74. Ne7 Kc5 75. Nxf5 Be1 76. Ke4 h4 77. Nd4 Kd6 78. f5 Ke7 79. Kf4 Kf6 80. Kg4 Bg3 81. Nf3 Bf2 82. Nxh4 Bxh4 83. Kxh4 {White mates.} Kxf5 {KPP-KP} 84. Kg3 Ke4 85. h4 Kd3 86. h5 Kc3 87. h6 Kxb3 {KP-KP} 88. h7 Kc2 89. h8=Q b3 90. Qc8+ Kb1 91. Qf5+ Kc1 92. Qf1+ Kc2 93. Qc4+ Kb2 94. Kf3 Ka1 95. Qa4+ {Precision: White = 70%, Black = 46%.} 1-0

[Event "Erfurt Young Masters 2017"]
[Site "Erfurt"]
[Date "2017.08.02"]
[Round "6"]
[White "Schneider, Jana"]
[Black "Bulmaga, Irina"]
[Result "0-1"]
[WhiteElo "2275"]
[BlackElo "2415"]
[Annotator "TA"]
[PlyCount "52"]
[EventDate "2017.??.??"]
[EventType "tourn"]
[EventCountry "GER"]
[SourceTitle "playchess.com"]
[Source "ChessBase"]
[SourceQuality "1"]

{[%evp 9,52,20,42,0,0,0,0,0,26,7,30,25,28,29,23,8,31,-20,0,-70,-11,-96,-58,-108,-99,-131,0,-87,-81,-210,-195,-181,-94,-297,-283,-394,-400,-1756,-1765,-1487,-1082,-1082,-701,-1076,-1066]} 1. e4 e5 2. Bc4 Nf6 3. d3 Nc6 4. Nc3 h6 5. f4 d6 (5... Bb4 6. Nf3 d6 7. O-O O-O 8. Nd5 Bc5+ 9. Kh1 Bg4 {½-½ (9) So,W (2531)-Dao,T (2530) Manila 2007}) 6. f5 {C28: Vienna Game: 2...Nf6 3 Bc4 Nc6} Na5 7. Nf3 Nxc4 8. dxc4 {The position is equal.} b6 (8... b5 $5) 9. Qd3 Bb7 10. Bd2 $146 ({Predecessor:} 10. h3 Be7 11. Be3 Nd7 12. O-O-O Nc5 13. Bxc5 bxc5 {1-0 (41) Gulati,A-Lou,M Canada 1996}) 10... c6 11. O-O-O Qc7 12. Rhe1 O-O-O 13. Qf1 (13. h3 $14) 13... Ba6 $11 14. b3 (14. Kb1 $11) 14... Be7 ({Black should play} 14... d5 $1 $15) 15. Qg1 (15. Re2 $11 {remains equal.}) 15... Rhe8 16. g4 {[#]} d5 $1 17. exd5 Ba3+ 18. Kb1 cxd5 {[%cal Bc6d5,Bd5d4][%mdl 32]} 19. Nb5 (19. Nxd5 $17 Nxd5 20. cxd5 Rxd5 21. Qe3) 19... Bxb5 $1 $19 20. cxb5 Bc5 ({Better is} 20... d4 $19 21. Bc1 Bc5) 21. Be3 $2 {[#]} (21. Qg3 $17 {was worth a try.}) 21... d4 22. Bf2 Nd5 23. Kc1 (23. Qf1 $142) 23... Ba3+ {Black is clearly winning.} 24. Kd2 Qc3+ 25. Ke2 Nf4+ 26. Kf1 Qxf3 {Precision: White = 14%, Black = 63%.} 0-1

[Event "Erfurt Young Masters 2017"]
[Site "Erfurt"]
[Date "2017.08.02"]
[Round "6"]
[White "Rogozenco, Teodora"]
[Black "Szczepkowska-Horowska, Karina"]
[Result "0-1"]
[WhiteElo "2162"]
[BlackElo "2396"]
[Annotator "TA"]
[PlyCount "80"]
[EventDate "2017.??.??"]
[EventType "tourn"]
[EventCountry "GER"]
[SourceTitle "playchess.com"]
[Source "ChessBase"]
[SourceQuality "1"]

{[%evp 24,80,84,50,79,63,137,77,140,58,70,77,62,56,116,89,92,85,81,83,100,94,120,56,73,88,100,34,230,16,39,15,135,36,81,71,68,79,100,41,70,74,75,25,24,30,55,-235,-218,-234,-219,-229,-229,-214,-212,-1793,-1783,-1689,-1562]} 1. d4 Nf6 2. c4 Nc6 3. Nf3 e6 {[%cal Be7e6,Be6e5][%mdl 32]} 4. a3 d6 5. Nc3 g6 6. e4 Bg7 7. Be2 O-O 8. O-O e5 {E10: Blumenfeld Gambit} (8... Re8 9. d5 exd5 10. cxd5 Ne7 11. Bf4 c6 12. Re1 cxd5 13. exd5 Nf5 14. Qb3 Nd7 15. Bb5 Rxe1+ 16. Rxe1 {1-0 (36) Krasenkow,M (2630)-Jones,G (2660) Porticcio 2017}) 9. d5 Ne7 10. b4 Ne8 11. c5 h6 12. Nd2 $146 ({Predecessor:} 12. Ne1 f5 13. f3 f4 14. Nd3 g5 {1-0 (55) Nestorovic,D (2410)-Adzic,M (2246) Herceg Novi 2005}) 12... f5 13. a4 {LiveBook: 17 Games} Rf7 14. Ba3 Bf8 ({Black should play} 14... fxe4 $14 15. Ndxe4 Nf5) 15. Nc4 (15. f3 $142) 15... h5 (15... fxe4 $142 16. Nxe4 Bf5) 16. Rc1 (16. f3 $16) 16... fxe4 $14 17. Nxe4 Nf5 18. Bb2 Qh4 (18... Bh6 $14) 19. Bf3 Qe7 20. Re1 Nh4 21. Be2 Bf5 22. Bd3 Bg4 23. Qc2 ({Better is} 23. f3 $16 Bxf3 24. gxf3 Nxf3+ 25. Kh1) 23... Bh6 24. Ra1 Bf4 25. Be2 (25. Bf1 $16) 25... Nf5 $2 ({Black should try} 25... Nxg2 $1 $14 26. Kxg2 Bf5) 26. Ng3 $2 (26. g3 $18 Bh6 27. f4 $1 {[%mdl 512]}) 26... Bxe2 27. Nxe2 Bh6 {[#]} (27... Bxh2+ $11 28. Kxh2 Qh4+ 29. Kg1 Qxf2+ 30. Kxf2 Nd4+ 31. Qf5 Rxf5+ 32. Kg1 Nc2) 28. Nd4 (28. f4 $1 $16) 28... Neg7 29. Nb5 Qf8 30. Na5 a6 31. Na3 (31. Nc3 $16) 31... Rb8 32. N3c4 Ne8 33. Nb3 Nf6 34. Rad1 h4 35. Ne3 $2 {[%mdl 8192]} (35. cxd6 $14 {stays ahead.} cxd6 36. Nc5) 35... Bxe3 $1 $19 36. fxe3 {[#]} h3 $1 {[%mdl 512]} 37. gxh3 Qh6 38. e4 Ne3 {[%mdl 1024] Black has strong compensation.} 39. Qd2 $2 (39. Bc1 Nxc2 40. Bxh6) 39... Qg5+ 40. Kh1 Nxe4 {Precision: White = 20%, Black = 41%.} 0-1

[Event "Erfurt Young Masters 2017"]
[Site "Erfurt"]
[Date "2017.08.03"]
[Round "7"]
[White "Bulmaga, Irina"]
[Black "Hoolt, Sarah"]
[Result "1-0"]
[WhiteElo "2412"]
[BlackElo "2439"]
[Annotator "TA"]
[PlyCount "65"]
[EventDate "2017.??.??"]
[EventType "tourn"]
[EventCountry "GER"]
[SourceTitle "playchess.com"]
[Source "ChessBase"]
[SourceQuality "1"]

{[%evp 10,65,20,5,1,0,6,0,0,0,0,-44,29,-13,-14,-16,-31,-32,0,-7,0,0,0,-64,-47,-72,-53,-68,-60,-56,0,-31,-44,-34,-32,-25,-35,-64,11,12,53,0,104,104,101,106,103,91,120,127,425,295,29982,29983,29985,29985,29997,29998]} 1. d4 d5 2. Nf3 c6 3. g3 Bg4 4. Bg2 Nd7 5. O-O Ngf6 6. b3 e6 {D02: Damenbauernspiele} 7. Bb2 (7. c4 Bd6 8. Bb2 O-O 9. Nbd2 h6 10. Ne5 Bf5 11. Rc1 Qe7 12. h3 Ba3 13. Bxa3 Qxa3 14. Nxd7 Nxd7 15. Ra1 a5 16. Qc1 Qe7 17. a3 {½-½ (34) Timofeev,A (2690)-Ni,H (2645) Ningbo 2010}) 7... Bd6 8. Ne5 Bf5 {Die Stellung ist ausgeglichen.} 9. Nd2 h5 10. c4 Qc7 $146 (10... h4 $1 $15) ({Vorgänger:} 10... h4 11. e4 Nxe4 12. Nxe4 dxe4 {0-1 (44) Nikolaou,G (2233)-Naoum,S (2131) Chania 2011}) 11. cxd5 exd5 {[%cal Rd7e5]} 12. e4 dxe4 13. Re1 {[%cal Rd2e4]} Bb4 14. a3 Bxd2 15. Qxd2 {Mit der Idee Dg5.} Be6 16. Qg5 ({Lieber} 16. d5 $11 cxd5 17. Rac1) 16... O-O-O $1 $15 17. Nxd7 Qxd7 18. Qxg7 Nd5 $1 19. Rxe4 ({Jedoch nicht} 19. Bxe4 $2 Rdg8 $19) 19... Bf5 (19... Rdg8 $1 $15 20. Qe5 Bh3 21. Bxh3 Qxh3) 20. Ree1 Rdg8 {[%cal Bd8g8,Bg8g5,Bg5h5][%mdl 32]} 21. Qe5 f6 22. Qe2 h4 23. b4 hxg3 (23... Kb8 $15) 24. fxg3 $11 Rg5 25. b5 ({Besser ist} 25. Rac1 $14) 25... Qh7 (25... Nf4 $1 $11 26. gxf4 Rgg8 27. bxc6 Qh7 28. cxb7+ Kb8) 26. Bxd5 $1 $16 cxd5 27. Rac1+ Kd8 {[#] ( -> ...Txg3+!)} 28. Rc3 $1 Rh5 29. h4 $40 {[%mdl 128] Weiss greift entschieden an.} Rg8 $2 {[%mdl 8192]} (29... Bd7 $16) 30. Qf3 Qf7 $2 (30... Re8 $18 31. Rxe8+ Kxe8) 31. Qf4 {Weiß setzt Matt.} Be4 32. Rec1 Bf5 33. Qd6+ {Precision: Weiß = 56%, Schwarz = 44%.} 1-0

[Event "Erfurt Young Masters 2017"]
[Site "Erfurt"]
[Date "2017.08.03"]
[Round "7"]
[White "Szczepkowska-Horowska, Karina"]
[Black "Sieber, Fiona"]
[Result "1-0"]
[WhiteElo "2396"]
[BlackElo "2287"]
[Annotator "TA"]
[PlyCount "39"]
[EventDate "2017.??.??"]
[EventType "tourn"]
[EventCountry "GER"]
[SourceTitle "playchess.com"]
[Source "ChessBase"]
[SourceQuality "1"]

{[%evp 23,39,0,0,-9,37,38,162,150,165,168,158,170,165,154,447,432,891,882]} 1. e4 e5 2. Nf3 Nc6 3. Bc4 Nf6 4. d4 exd4 5. e5 d5 6. Bb5 Ne4 7. Nxd4 Bd7 8. Bxc6 bxc6 9. O-O Be7 10. f3 {[%cal Bf2f3,Bf3f4][%mdl 32]} Nc5 11. f4 O-O 12. f5 Ne4 13. Nc3 {C56: Two Knights: 4 d4 exd4 5 0-0 Nxe4} Nxc3 14. bxc3 Bg5 {[#]} (14... c5 $14) 15. f6 $146 {[%mdl 512] White is clearly better.} ({Predecessor:} 15. Qh5 Bxc1 16. Raxc1 f6 17. e6 Be8 18. Qh4 Rb8 19. Nb3 Qd6 20. Rce1 Qa3 {1-0 (30) Ardelean,G (2502)-Miron,L (2443) Eforie Nord 2009}) 15... gxf6 16. Bxg5 $1 fxg5 {[#]} 17. Qh5 $1 {aiming for Rf6.} f6 {[#]} 18. e6 $1 {[%mdl 1024] White has strong compensation.} ({Weaker is} 18. exf6 Rxf6 19. Qxg5+ Rg6 $11) 18... Qe8 $2 (18... c5 $16 {was worth a try.}) 19. Qh6 Bc8 (19... Bxe6 $142 20. Rae1 Qg6 21. Qxg6+ hxg6 22. Rxe6 c5) 20. Nf5 1-0

[Event "Erfurt Young Masters 2017"]
[Site "Erfurt"]
[Date "2017.08.03"]
[Round "7"]
[White "Heinemann, Josefine"]
[Black "Rogozenco, Teodora"]
[Result "1/2-1/2"]
[WhiteElo "2294"]
[BlackElo "2169"]
[Annotator "TA"]
[PlyCount "44"]
[EventDate "2017.??.??"]
[EventType "tourn"]
[EventCountry "GER"]
[SourceTitle "playchess.com"]
[Source "ChessBase"]
[SourceQuality "1"]

{[%evp 12,44,82,57,77,70,100,63,42,11,38,25,27,0,3,-28,-39,-51,-41,-53,-12,-49,-55,-34,-18,-22,0,0,0,-24,0,0,0,-10,0]} 1. e4 e5 2. Nf3 Nc6 3. Bb5 {[%cal Bf1b5,Bb5a4,Ba4b3,Bb3d5][%mdl 32]} a6 4. Ba4 Nf6 5. d4 b5 6. Bb3 Bd6 7. O-O O-O {C77: Ruy Lopez: 3...a6 4 Ba4 Nf6, unusual lines} (7... Bb7 8. Re1 O-O 9. dxe5 Nxe5 10. Nxe5 Bxe5 11. f4 Bd6 12. e5 Bc5+ 13. Be3 Qe7 14. c3 Bxe3+ 15. Rxe3 {½-½ (31) Vovk,Y (2550)-Tarlev,K (2499) Alushta 2011}) 8. Re1 h6 9. c3 Re8 {White is slightly better.} 10. Bd5 $146 ({Predecessor:} 10. Nbd2 Bb7 11. Bc2 Qb8 12. a3 Qa7 13. Nb3 a5 14. dxe5 Nxe5 15. Nxe5 Rxe5 {1-0 (41) Olano Aizpurua,J (2189)-Klausner,H (2187) ICCF email 2012}) 10... Bb7 {[#] Hoping for ...exd4.} 11. dxe5 Bxe5 12. Nbd2 Bf4 13. Bb3 Ne5 14. Nxe5 Bxe5 ({Reject} 14... Rxe5 $6 15. Nf3 $16) 15. a4 Bf4 16. Qf3 Bxd2 17. Bxd2 Bxe4 18. Qg3 Nh5 19. Qg4 Nf6 20. Qg3 Nh5 21. Qg4 Nf6 22. Qg3 Nh5 {Precision: White = 26%, Black = 43%.} 1/2-1/2